Sociology in the new philippine setting (Record no. 9781)

MARC details
000 -LEADER
fixed length control field 00836nam a22002417a 4500
003 - CONTROL NUMBER IDENTIFIER
control field OSt
005 - DATE AND TIME OF LATEST TRANSACTION
control field 20260423040325.0
008 - FIXED-LENGTH DATA ELEMENTS--GENERAL INFORMATION
fixed length control field 260423b |||||||| |||| 00| 0 eng d
040 ## - CATALOGING SOURCE
Original cataloging agency OC
Transcribing agency DWC-Main Lib
082 ## - DEWEY DECIMAL CLASSIFICATION NUMBER
Edition number 2nd ed.
Classification number Fil. 301 S678 1976
100 ## - MAIN ENTRY--PERSONAL NAME
Personal name Espiritu, S.
245 ## - TITLE STATEMENT
Title Sociology in the new philippine setting
Statement of responsibility, etc. Espiritu, Socorro
250 ## - EDITION STATEMENT
Edition statement 2nd ed.
260 ## - PUBLICATION, DISTRIBUTION, ETC.
Place of publication, distribution, etc. Quezon City:
Name of publisher, distributor, etc. Alemar-Phoenix Publishing House, Inc.,
Date of publication, distribution, etc. c1976.
300 ## - PHYSICAL DESCRIPTION
Extent vii, 309 pages :
Other physical details illustration ;
Dimensions 25 cm.
504 ## - BIBLIOGRAPHY, ETC. NOTE
Bibliography, etc. note Includes index.
650 ## - SUBJECT ADDED ENTRY--TOPICAL TERM
Topical term or geographic name entry element 1. Sociology.
700 ## - ADDED ENTRY--PERSONAL NAME
Personal name Hollnsteiner, Mary R.
Relator term Author
700 ## - ADDED ENTRY--PERSONAL NAME
Personal name Quisumbing, Lourdes R.
Relator term Author
700 ## - ADDED ENTRY--PERSONAL NAME
Personal name Hunt, Chester L.
Relator term Author
700 ## - ADDED ENTRY--PERSONAL NAME
Personal name Lacar, Luis Q.
Relator term Author
942 ## - ADDED ENTRY ELEMENTS (KOHA)
Source of classification or shelving scheme Dewey Decimal Classification
Koha item type Book-Filipiniana
Edition 2nd edition
Classification part Fil. 301 S678 1976
Call number prefix Fil.
Suppress in OPAC No
952 ## - LOCATION AND ITEM INFORMATION (KOHA)
--
Holdings
Withdrawn status Lost status Source of classification or shelving scheme Damaged status Not for loan Home library Current library Shelving location Date acquired Total Checkouts Full call number Barcode Date last seen Copy number Price effective from Koha item type Uniform Resource Identifier
    Dewey Decimal Classification     College Library College Library Filipiniana 04/23/2026   Fil. 301 S678 1976 CL36216 04/23/2026 c1 04/23/2026 BK-FIL